The idea of Pakistan and Iqbal : (Record no. 763565)
[ view plain ]
| 000 -LEADER | |
|---|---|
| fixed length control field | 01169nam a2200349 a 4500 |
| 001 - CONTROL NUMBER | |
| control field | vtls000940462 |
| 003 - CONTROL NUMBER IDENTIFIER | |
| control field | NLI |
| 005 - DATE AND TIME OF LATEST TRANSACTION | |
| control field | 20210627091235.0 |
| 008 - FIXED-LENGTH DATA ELEMENTS--GENERAL INFORMATION | |
| fixed length control field | 111102 2003 ii c e 001 0 eng d |
| 020 ## - INTERNATIONAL STANDARD BOOK NUMBER | |
| Terms of availability | Rs.120.00 |
| 039 #9 - LEVEL OF BIBLIOGRAPHIC CONTROL AND CODING DETAIL [OBSOLETE] | |
| Level of rules in bibliographic description | 201111211830 |
| Level of effort used to assign nonsubject heading access points | ezajulh |
| -- | 201111021625 |
| -- | ezajulh |
| 040 ## - CATALOGING SOURCE | |
| Original cataloging agency | NLI |
| Language of cataloging | eng |
| 044 ## - COUNTRY OF PUBLISHING/PRODUCING ENTITY CODE | |
| MARC country code | ii |
| 082 04 - DEWEY DECIMAL CLASSIFICATION NUMBER | |
| Classification number | 323.154 |
| Edition number | 22 |
| 100 1# - MAIN ENTRY--PERSONAL NAME | |
| Personal name | Ahmad, S. Hasan, |
| Dates associated with a name | 1934-1999 |
| 9 (RLIN) | 884981 |
| 245 14 - TITLE STATEMENT | |
| Title | The idea of Pakistan and Iqbal : |
| Remainder of title | a disclaimer / |
| Statement of responsibility, etc. | by S. Hasan Ahmad |
| 250 ## - EDITION STATEMENT | |
| Edition statement | 2nd ed. |
| 260 ## - PUBLICATION, DISTRIBUTION, ETC. | |
| Place of publication, distribution, etc. | Patna : |
| Name of publisher, distributor, etc. | Khuda Bakhsh Oriental Public Library, |
| Date of publication, distribution, etc. | 2003 |
| 300 ## - PHYSICAL DESCRIPTION | |
| Extent | vii, 106 p. : |
| Other physical details | port. ; |
| Dimensions | 23 cm. |
| 504 ## - BIBLIOGRAPHY, ETC. NOTE | |
| Bibliography, etc. note | Includes index |
| 600 10 - SUBJECT ADDED ENTRY--PERSONAL NAME | |
| Personal name | Iqbal, Mohammad, |
| Titles and other words associated with a name | Sir, |
| Dates associated with a name | 1877-1938 |
| 9 (RLIN) | 884982 |
| 650 #0 - SUBJECT ADDED ENTRY--TOPICAL TERM | |
| Topical term or geographic name entry element | Islam and politics |
| Geographic subdivision | India |
| 9 (RLIN) | 770954 |
| 651 #0 - SUBJECT ADDED ENTRY--GEOGRAPHIC NAME | |
| Geographic name | India |
| General subdivision | Politics and government |
| Chronological subdivision | 1765-1947 |
| 9 (RLIN) | 687942 |
| 887 ## - NON-MARC INFORMATION FIELD | |
| Content of non-MARC field | E. Haque |
| 901 ## - LOCAL DATA ELEMENT A, LDA (RLIN) | |
| a | DB124577 : |
| b | 09.06.11 |
| 902 ## - LOCAL DATA ELEMENT B, LDB (RLIN) | |
| a | E 323.154 Ah 51 |
| 904 ## - LOCAL DATA ELEMENT D, LDD (RLIN) | |
| a | E. Haque |
| 949 ## - LOCAL PROCESSING INFORMATION (OCLC) | |
| -- | VIRTUAITEM |
| -- | 10000 |
| -- | 100 |
| 6 | DBA000124577ENG |
| 942 ## - ADDED ENTRY ELEMENTS (KOHA) | |
| Source of classification or shelving scheme | Dewey Decimal Classification |
| Koha item type | Books |
| Withdrawn status | Lost status | Damaged status | Not for loan | Collection code | Home library | Current library | Shelving location | Date acquired | Total Checkouts | Full call number | Barcode | Date last seen | Price effective from | Koha item type |
|---|---|---|---|---|---|---|---|---|---|---|---|---|---|---|
| New English | National Library of India | National Library of India | New English - Main Stack Division | E 323.154 Ah 51 | DBA000124577ENG | 27/06/2021 | 27/06/2021 | Books |
